Resistencia del melón (Cucumis melo, v.b. reticulatus) al daño mecánico en el proceso de empaque para exportación

Bewaard in:
Bibliografische gegevens
Hoofdauteur: Picón Obando, Diego M
Formaat: Boek
Gepubliceerd in: San José, C.R. 1997
Onderwerpen:
Tags: Voeg label toe
Geen labels, Wees de eerste die dit record labelt!

MARC

LEADER 00000nam a2200000Ia 4500
003 008396
005 20221231144225.0
008 140114s1997 cr a m 000 ||s d
040 |c cru CEDI 
090 |a TFG 3800 
100 |a Picón Obando, Diego M  |9 9096 
245 |a Resistencia del melón (Cucumis melo, v.b. reticulatus) al daño mecánico en el proceso de empaque para exportación 
260 |c 1997  |a  San José, C.R. 
300 |a  xi, 82 páginas : ilustraciones (alguna color)  
500 |a  Tesis (licenciatura en ingeniería agrícola)--Universidad de Costa Rica. Facultad de Ingeniería. Escuela de Ingeniería Agrícola 
650 |x MELONES - MERCADEO   |x MELONES - ALMACENAMIENTO  |9 9097 
942 |c TFG 
999 |c 18674  |d 18674